Heaven help the home: (Record no. 14638)

000 -LEADER
fixed length control field 00660nam a2200217 a 4500
001 - CONTROL NUMBER
control field :::00012470$&:&@@
003 - CONTROL NUMBER IDENTIFIER
control field OkBaRHE
005 - DATE AND TIME OF LATEST TRANSACTION
control field 20000607103419.0
008 - FIXED-LENGTH DATA ELEMENTS--GENERAL INFORMATION
fixed length control field s1987 j 000 0 eng u
020 ## - INTERNATIONAL STANDARD BOOK NUMBER
International Standard Book Number 0882072404
040 ## - CATALOGING SOURCE
Transcribing agency
100 1# - MAIN ENTRY--PERSONAL NAME
Personal name Hendricks, Howard G.
245 10 - TITLE STATEMENT
Title Heaven help the home:
Remainder of title the art and joy of successful family living.
260 ## - PUBLICATION, DISTRIBUTION, ETC. (IMPRINT)
Place of publication, distribution, etc Wheaton, IL., :
Name of publisher, distributor, etc Victor Books
Date of publication, distribution, etc 1987
300 ## - PHYSICAL DESCRIPTION
Extent 143 p. ;
Dimensions 21 cm.
490 0# - SERIES STATEMENT
Series statement An Input book
650 ## - SUBJECT ADDED ENTRY--TOPICAL TERM
Topical term or geographic name as entry element Family
General subdivision United States
650 ## - SUBJECT ADDED ENTRY--TOPICAL TERM
Topical term or geographic name as entry element Marriage
942 ## - ADDED ENTRY ELEMENTS (KOHA)
Source of classification or shelving scheme
Koha item type Books
Copies
Copy number Full call number Shelving location Barcode Permanent Location Source of classification or shelving scheme Withdrawn status Koha item type Not for loan Lost status Date acquired Price effective from Damaged status Date last seen
1HQ 734 .H48General Stacks12470RHEMA Bible Training College  Books  2010-04-142010-04-14 2010-04-14